000 00585nam a2200241 a 4500
001 nice12345678
003 IN_TiNIC
005 20260116012226.0
008 050524s1978 mica grp 000 0 eng
020 _a
_c72.55
082 0 0 _a230
_bCHA
100 _aChafer, Lewis Sperry
245 _aMajor Bible Themes
260 _aMichigan
_bZondervan Publishing House
_c1978
300 _a374p
500 _aincludes index and biblioraphy
505 2 _aIndex
650 _aBible-Theology
700 1 _aChafer, Lewis Sperry
902 _bSRS
942 _cBK
999 _c6161
_d6161